Fundamentos de acústica.

Gespeichert in:
Bibliographische Detailangaben
1. Verfasser: Kinsler, Lawrence E
Format: Buch
Sprache:Spanisch
Veröffentlicht: Ciudad de México, México Limusa 1991
Schlagworte:
Tags: Tag hinzufügen
Keine Tags, Fügen Sie den ersten Tag hinzu!

MARC

LEADER 00000nam a2200000 a 4500
001 UCX5899
003 CL-VaPUC
005 20250115112931.0
008 930303e19910000MX |||||||||||||||||spa|d
999 |c 226025  |d 226023 
040 |c Pontificia Universidad Católica de Valparaíso 
082 0 4 |a 534 KIN 1991  |2 21 
100 |a Kinsler, Lawrence E  |9 560354 
245 1 0 |a Fundamentos de acústica. 
260 0 3 |a Ciudad de México, México  |b Limusa  |c 1991 
300 |a 592 páginas 
583 |a last modification  |c 20171031 11:00:06  |k Rodrigo Vera 
650 0 |a Ondas sonoras  |9 322250 
650 0 |a Sonido   |9 261796 
650 0 |a Aparatos e instrumentos  |9 259352 
650 0 |a Acústica   |9 265389 
650 0 |a Diseño arquitectónico   |9 265271 
650 0 |a Acústica subacuática  |9 261795 
942 |c BK  |2 ddc 
945 |d 19930303 00:00:00 
952 |0 0  |1 0  |2 ddc  |4 0  |6 534_000000000000000_KIN_1991  |7 0  |8 A  |9 224043  |a BIBING  |b BIBING  |d 2019-11-15  |i 3497984  |o 534 KIN 1991  |p 3497984  |r 2025-01-20  |t 3  |w 2019-11-15  |y BK  |k EIE 
952 |0 0  |1 0  |2 ddc  |4 0  |6 534_000000000000000_KIN_1991  |7 0  |8 A  |9 224044  |a BIBING  |b BIBING  |d 2019-11-15  |i 3497992  |o 534 KIN 1991  |p 3497992  |r 2025-01-20  |t 4  |w 2019-11-15  |y BK  |k EIE 
952 |0 0  |1 0  |2 ddc  |4 0  |6 534_000000000000000_KIN_1991  |7 0  |8 A  |9 224045  |a BIBING  |b BIBING  |d 2019-11-15  |i 349800K  |o 534 KIN 1991  |p 349800K  |r 2025-01-20  |t 5  |w 2019-11-15  |y BK  |k EIE 
952 |0 0  |1 0  |2 ddc  |4 0  |6 534_000000000000000_KIN_1991  |7 0  |8 A  |9 224046  |a BIBMEC  |b BIBMEC  |d 2019-11-15  |i 3563154  |o 534 KIN 1991  |p 3563154  |r 2024-01-19  |t 1  |w 2019-11-15  |y BK  |k MEC 
952 |0 0  |1 0  |2 ddc  |4 0  |6 534_000000000000000_KIN_1991  |7 0  |8 A  |9 224047  |a BIBMEC  |b BIBMEC  |d 2019-11-15  |i 356150K  |o 534 KIN 1991  |p 356150K  |r 2024-01-19  |t 2  |w 2019-11-15  |y BK  |k MEC